Determinacion de polifonia y capas enunciativas en textos periodisticos en espa¥ol /

Guardado en:
Autor Principal: Gonzalez Nora
Formato: Libro
Publicado: Bah¡a Blanca : , 2000
Etiquetas: Agregar Etiqueta
Sin Etiquetas, Sea el primero en etiquetar este registro!
LEADER 00441nam a22001455a 4500
001 CEM.cems010434
005 20060214000000.0
008 130507s2000##################000#0#####d
003 CEMS
082 0 4 |a F370 
100 1 |a Gonzalez Nora 
245 1 0 |a Determinacion de polifonia y capas enunciativas en textos periodisticos en espa¥ol / 
260 |a Bah¡a Blanca :  |b ,  |c 2000 
300 |a 9 p.1 
859 |a CEMS  |b BIB. CEMS - 11 de abril  |h F370  |i C2/7  |p 1723.44  |t Ej.1